000 00398nam a22001697a 4500
003 NUST - PNEC
005 20170116181009.0
008 150913b xxu||||| |||| 00| 0 eng d
020 _a0131238523
040 _cLIBRARY
082 _a004.56 NEO
100 _910045
_aNeou, Vivian
245 _aInternet CD
_cVivian Neou
260 _cc.1994
650 _910048
_aInternet
_xMIS
942 _2ddc
_cBK
999 _c67021
_d67021